MDQL
is popping MORE tags! Check the
thread
!
Quizzes
Events
Quiz Creation
Community
Videos
Private Events
Remove Ads
Sign In
Join for FREE
Feedback
Dark Mode
Quiz Categories
Sports
Geography
Music
Movies
Television
Just For Fun
Miscellaneous
History
Literature
Language
Science
Gaming
Entertainment
Religion
Holiday
For Kids
Quiz Lab
Recent
Popular Today
Quiz Kudos Today
Editor Picks
Curator Picks
Quizzes by...
Day
Popularity
Type
Ratings
Length
Year
Community
Subscriptions
Recent Discussions
Orange Saloon
Badges
Playlists
Quests
Create
Leaderboards
Showdown
Live 5
Trivia Bingo
Activity
Puzzle Library
Sporcle Events
Private Events
Virtual Trivia
Globe League
Become a Host
Pub Owners
SporcleCon
Opinionation
Our Games
Videos
Blog
Mobile Apps
Partnerships
Remove Ads and Go Orange
Feedback
Sports
Athletes
MLB
NBA
NHL
NFL
Soccer
Sports Teams
WWE
NCAA
Football
Premier League
Basketball
Baseball
Hockey
Golf
Tennis
Cricket
Rugby
Auto Racing
Olympics
World Cup
Sports
Athletes
MLB
NBA
NHL
NFL
Soccer
Sports Teams
WWE
NCAA
Football
Premier League
Basketball
Baseball
Hockey
Golf
Tennis
Cricket
Rugby
Auto Racing
Olympics
World Cup
Random Quiz
Search Sporcle
×
Quiz Lab
Quiz Lab
Sports
Football
Type in answers that appear in a list
Type in answers that appear in a list
Classic
Best Score? Go Orange.
Arsenal's '49 Undefeated' opponents Stats
Can you name all 49 opponents from Arsenal's Invincibles run?
By
ArsenalOfficial
10m
49 Questions
1,121 Plays
1,121 Plays
1,121 Plays
Comments
Comments
Give Quiz Kudos
Give Quiz Kudos
-
- Ratings
hide this ad
Replay
Link that replays current quiz
Next Quiz
Link to next quiz in quiz playlist
You Got
0%
They Got
Avg Score
86%
Avg Friend Score
Upgrade to see
Score Distribution
Jump to the score distribution portion of the page
Score
0/49
Timer
10:00
0
Plays Today
Date
Opponent
% Correct
September 21, 2003
Manchester United
98.4%
March 28, 2004
Manchester United
98.4%
October 4, 2003
Liverpool
97.1%
October 18, 2003
Chelsea
97.1%
February 21, 2004
Chelsea
97.1%
April 9, 2004
Liverpool
97.1%
August 31, 2003
Manchester City
96.6%
February 1, 2004
Manchester City
96.6%
September 25, 2004
Manchester City
96.6%
November 8, 2003
Tottenham Hotspur
96.5%
April 25, 2004
Tottenham Hotspur
96.5%
August 15, 2003
Everton
95.8%
January 7, 2004
Everton
95.8%
August 15, 2004
Everton
95.8%
September 26, 2003
Newcastle United
92.3%
April 11, 2004
Newcastle United
92.3%
November 1, 2003
Leeds United
89.7%
April 16, 2004
Leeds United
89.7%
May 7, 2003
Southampton
89.3%
December 29, 2003
Southampton
89.3%
February 10, 2004
Southampton
89.3%
August 27, 2003
Aston Villa
88.7%
January 18 2004
Aston Villa
88.7%
October 16, 2004
Aston Villa
88.7%
May 11, 2003
Sunderland
86%
Date
Opponent
% Correct
December 6, 2003
Leicester City
85.7%
May 15, 2004
Leicester City
85.7%
November 30, 2003
Fulham
83.3%
May 9, 2004
Fulham
83.3%
September 11, 2004
Fulham
83.3%
September 13, 2003
Portsmouth
81.5%
May 4, 2004
Portsmouth
81.5%
December 14, 2003
Blackburn Rovers
80.2%
March 13, 2004
Blackburn Rovers
80.2%
August 25, 2004
Blackburn Rovers
80.2%
August 28, 2004
Norwich City
78.9%
December 26, 2003
Wolverhampton Wanderers
78.1%
February 7, 2004
Wolverhampton Wanderers
78.1%
December 20, 2003
Bolton Wanderers
77.6%
March 20, 2004
Bolton Wanderers
77.6%
September 18, 2004
Bolton Wanderers
77.6%
August 24, 2003
Middlesbrough
76%
January 10, 2004
Middlesbrough
76%
August 22, 2004
Middlesbrough
76%
November 22, 2003
Birmingham City
75.2%
May 1, 2004
Birmingham City
75.2%
October 26, 2003
Charlton Athletic
72.7%
February 28, 2004
Charlton Athletic
72.7%
October 2, 2004
Charlton Athletic
72.7%
Quiz Playlist
Details
Report
Send in Message
Add To Playlist
Classic:
Type in answers that appear in a list
Last Updated: Feb 13, 2019
Quiz Scoreboard
CHALLENGE
Sign Up to Join the Scoreboard
Show All
Scores
Hide
Comments
May contain spoilers
Recently Published
Street Fighter Characters
by Artimus82
Gaming
60s
9x9 Crossword: Cartoon Network
by jackfrog10
Miscellaneous
3m
College Basketball Coaching Resumes
by pancakes188
Sports
9m
More to Explore
Quiz From the Vault
Featured Blog Post
Where Did the Easter Bunny Come From?
hide this ad
You Might Also Like...
Tags
Football Quiz
Premier League Quiz
Arsenal
England
Today's Top Quizzes in Sports
Browse Sports
hide this ad
Today's Top Quizzes in Football
Browse Football
Top Contributed Quizzes in Sports
1
2022 World Cup Stars
2
Les meilleurs buteurs des matchs entre le PSG et l’OM
3
FIFA Club World Cup Champions
4
Les entraîneurs de l'OM et du PSG au 21e siècle
5
Criteria MLB: Left Handed Sluggers
6
2023 MLB Unique Player Accomplishments
7
AFC Teams Reveal (Wrong Answers Minefield)
8
Players with Multiple 50 Home Run Seasons
9
5-to-1: FBS Animal Nicknames
10
5-to-1: UK Sports Teams
Explore More
Trending Topics
Anime
Harry Potter
Disney
Crossword
Kpop
NBA
Marvel
Country
Puzzle
WWE
Pokémon
Soccer
NFL
Song
The Office
hide this ad
More By:
ArsenalOfficial
Quiz
Plays
Rating
Category
Featured
Created
All of Arsenal's Spanish players
57,565
4.25
Sports
Sep 4, 2020
Arsenal's first-team nationalities
50,532
3.91
Sports
Aug 9, 2019
Arsenal's signings from France since 2000
28,500
4.50
Sports
Aug 5, 2019
Every African Arsenal player
22,724
5.00
Sports
Aug 1, 2019
Arsenal's last 50 permanent signings
21,332
3.33
Sports
Jul 2, 2019
Go to Creator's Profile
Score Distribution
Quiz Creator Spotlight
ArsenalOfficial
Follow
Send a Message
Quizzes Created
-
Created Quiz Play Count
-
More By This Creator
Popular Quizzes Today
1
Find the US States - No Outlines Minefield
2
Find the Countries of Europe - No Outlines Minefield
3
The Countries of the World
4
Find the US States
5
Risky Map Clicking: Biggest States A-Z
6
US States
7
Popular People in 1961
8
Movies - When Are They Set?
More Sports Quizzes
Top 25 Philadelphia Phillies Players of All Time
Quiz Lab
Trending Quizzes
Risky Map Clicking: Least Populous States A-Z
1-10 Letter G Words
Risky Map Clicking: Next State Alphabetically
Adjectives in 80s TV Shows
The Seven Year Switch: Catherine
Recently Updated
Leaping Animals
pecheneg
Reality TV Shows (A-Z)
bhenderson79
Rickey Henderson's Hall of Fame Teammates
pecheneg
Champions League XIs: Arsenal
pecheneg
Quick Pick: Celebrities in WWE's Hall of Fame
aduchscher
A-Z Keypad Blitz II
pecheneg
Multiple Oscar Actors
pecheneg
Mystery Phrase Blitz: Oscar 'Best Actors'
pecheneg
F. Scott Fitzgerald Novels
LTH
Pick 3 Villains
ddd62291
Trending Topics
Disney
NBA
Kpop
Anime
Crossword
Harry Potter
Marvel
NFL
Puzzle
Soccer
WWE
The Office
Song
Pokémon
Country
Your Account Isn't Verified!
In order to create a playlist on Sporcle, you need to verify the email address you used during registration. Go to your
Sporcle Settings
to finish the process.
Report this User
Report this user for behavior that violates our
Community Guidelines
.
Details:
Send Report
Go to the Sporcle.com Mobile Site →
Comments